Nennen Sie die 10 größten Seehäfen Europas - Statistiken

Allgemein
  • Dieses Quiz wurde 93 mal gespielt
  • Das Durchschnittsergebnis liegt bei 5 aus 10
Antwortstatistiken
Antwort % Korrekt
Hamburg
100%
Rotterdam
90%
Amsterdam
60%
Antwerpen
51%
Bremen
50%
Marseille
44%
Le Havre
26%
Valencia
26%
Piräus
22%
Algeciras
5%
Keine übereinstimmenden Quizze gefunden
Verteilung der Resultate
Anzahl Personen mit jedem Resultat
Perzentil nach korrekt beantworteten Fragen
Ihre Resultats-Entwicklung
Sie haben dieses Quiz noch nicht gespielt